Judita /

Hlavní autor: Márai, Sándor, 1900-1989
Jazyk: Čeština
Vydáno: Praha : Academia, 2005
Vydání: Vyd. 1.
Témata:
Fyzický popis: 443 s. ; 21 cm
Knihy
Uloženo v:
LEADER 01031nam a2200325 a 4500
001 000775588
003 CZ BrMZK
005 20050721091404.0
007 ta
008 050523s2005 xr gr 000 f cze d
015 |a cnb001495033 
020 |a 80-200-1312-1  |q (váz.) :  |c Kč 245,00 
035 |a (OCoLC)85150899 
040 |a BOA001  |b cze 
041 1 |a cze  |h hun 
072 7 |a 821.51  |x Uraloaltajské literatury  |2 Konspekt  |9 25 
080 |a 821.511.141-31  |2 MRF 
080 |a (0:82-31)  |2 MRF 
100 1 |a Márai, Sándor,  |d 1900-1989  |7 jn19990210417  |4 aut 
245 1 0 |a Judita /  |c Sándor Marai ; [přeložila Dana Gálová] 
250 |a Vyd. 1. 
260 |a Praha :  |b Academia,  |c 2005 
300 |a 443 s. ;  |c 21 cm 
500 |a Překlad z maďarštiny 
655 7 |a maďarské romány  |7 fd132816  |2 czenas 
765 0 |t Igazi/Judit-- és utóhang  |9 Česky 
910 |a BOA001  |b 2-1152.640 
990 |a BK 
991 |b 200507 
996 6 |b 2610251916  |c 2-1152.640  |l MZK  |r Sklad / do 1 hodiny  |n 11  |p p.v.  |w 000775588  |u 000010  |a 1  |e BOA001  |j MZK50  |s P